| 000 | 00672nam a2200205Ia 4500 | ||
|---|---|---|---|
| 003 | OSt | ||
| 005 | 20210805155927.0 | ||
| 008 | 210310s1953 wau gr 000 0 spa d | ||
| 040 |
_aCO-JMCR _cCO-JMCR |
||
| 041 | 0 | _aspa | |
| 082 | 0 | 4 |
_a332.15 / _bM152i _223 |
| 100 | 1 |
_aManero, Alfonso, _eautor _916308 |
|
| 245 | 1 | 0 |
_aPresentado al banco internacional de reconstrucciones y fomento, sobre el mercado colombiano de capitales / _cAlfonso Manero |
| 260 |
_aWashington, _bImprenta Nacional, _c1953 |
||
| 300 |
_a64 páginas ; _c24 cm. |
||
| 501 | _aCon: notas a pie de página. | ||
| 650 | 1 | 4 |
_aHistoria económica _939126 |
| 650 | 2 | 4 |
_aInversiones _939127 |
| 942 |
_2ddc _cBK |
||
| 999 |
_c12102 _d12102 |
||